Bringing down the banking system : (Record no. 19671)
[ view plain ]
| 000 -LEADER | |
|---|---|
| fixed length control field | 01660cam a22002775a 4500 |
| 001 - CONTROL NUMBER | |
| control field | 17798238 |
| 005 - DATE AND TIME OF LATEST TRANSACTION | |
| control field | 20151103191413.0 |
| 008 - FIXED-LENGTH DATA ELEMENTS--GENERAL INFORMATION | |
| fixed length control field | 130701t2014 nyua frb 001 0 eng d |
| 020 ## - INTERNATIONAL STANDARD BOOK NUMBER | |
| International Standard Book Number | 9781137455574 (paperback) |
| 040 ## - CATALOGING SOURCE | |
| Original cataloging agency | DLC |
| Language of cataloging | eng |
| Transcribing agency | DLC |
| Modifying agency | DLC |
| -- | EG-ScBUE |
| 043 ## - GEOGRAPHIC AREA CODE | |
| Geographic area code | e-ic--- |
| 082 04 - DEWEY DECIMAL CLASSIFICATION NUMBER | |
| Classification number | 332.1094912 |
| Edition number | 23 |
| Item number | JOH |
| 100 1# - MAIN ENTRY--PERSONAL NAME | |
| Personal name | Johnsen, Gudrun. |
| 9 (RLIN) | 38644 |
| 245 10 - TITLE STATEMENT | |
| Title | Bringing down the banking system : |
| Remainder of title | lessons from Iceland / |
| Statement of responsibility, etc | Gudrun Johnsen. |
| 260 ## - PUBLICATION, DISTRIBUTION, ETC. (IMPRINT) | |
| Place of publication, distribution, etc | New York : |
| Name of publisher, distributor, etc | Palgrave Macmillan, |
| Date of publication, distribution, etc | c.2014. |
| 300 ## - PHYSICAL DESCRIPTION | |
| Extent | xxii, 243 p. : |
| Dimensions | ill. ; |
| Other physical details | 22 cm. |
| 500 ## - GENERAL NOTE | |
| General note | Index : p. 233-243. |
| 504 ## - BIBLIOGRAPHY, ETC. NOTE | |
| Bibliography, etc | Bibliography : p. 227-232. |
| 505 0# - FORMATTED CONTENTS NOTE | |
| Formatted contents note | Background -- Illusion of prosperity -- Collapse -- August 8, 2007 : subprime crisis enters the spotlight -- October 6, 2008 : God bless Iceland -- Panic -- Investigation -- Financial liberalization -- How did the bankers do it? -- Funding the banks -- The geyser crisis -- Love letters to the rescue -- Playing tricks on the European Central Bank -- Why did the bankers do it? -- The web of ownership -- Tunneling money through related party lending -- Market manipulation and falsification of equity -- Wages of failure -- Why didn't anybody stop the bankers? -- Funded by the ill-informed -- Debt free state, isolated and without credit -- Putting a poodle on the watch -- What have we learned?. |
| 650 #0 - SUBJECT ADDED ENTRY--TOPICAL TERM | |
| Topical term or geographic name as entry element | Bank failures |
| Geographic subdivision | Iceland |
| General subdivision | History |
| Chronological subdivision | 21st century. |
| Source of heading or term | BUEsh |
| 650 #0 - SUBJECT ADDED ENTRY--TOPICAL TERM | |
| Topical term or geographic name as entry element | Banks and banking |
| General subdivision | Corrupt practices |
| Geographic subdivision | Iceland |
| General subdivision | History |
| Chronological subdivision | 21st century. |
| Source of heading or term | BUEsh |
| 650 #0 - SUBJECT ADDED ENTRY--TOPICAL TERM | |
| Topical term or geographic name as entry element | Bank management |
| Geographic subdivision | Iceland |
| General subdivision | History |
| Chronological subdivision | 21st century. |
| Source of heading or term | BUEsh |
| 651 ## - SUBJECT ADDED ENTRY--GEOGRAPHIC NAME | |
| Source of heading or term | BUEsh |
| 653 ## - INDEX TERM--UNCONTROLLED | |
| Resource For college | BAEPS, Economics |
| Arrived date list | June2015 |
| -- | November2015 |
| 942 ## - ADDED ENTRY ELEMENTS (KOHA) | |
| Source of classification or shelving scheme | Dewey Decimal Classification |
| Withdrawn status | Lost status | Source of classification or shelving scheme | Damaged status | Not for loan | Koha collection | Home library | Current library | Shelving location | Date acquired | Source of acquisition | Cost, normal purchase price | Serial Enumeration / chronology | Total Checkouts | Total Renewals | Full call number | Barcode | Date last seen | Date last borrowed | Cost, replacement price | Koha item type |
|---|---|---|---|---|---|---|---|---|---|---|---|---|---|---|---|---|---|---|---|---|
| Dewey Decimal Classification | Alahram | Central Library | Central Library | First floor | 15/06/2015 | Purchase | 332.00 | 316 | 1 | 4 | 332.1094912 JOH | 000038614 | 15/07/2025 | 09/11/2015 | 415.00 | Book - Borrowing |